Регионална библиотека "Любен Каравелов" - Русе

Аферата (Запис номер 88479)

MARC детайли
000 -Лидер
Контролно поле с фиксирана дължина 01358nam a2200361 c 4500
003 - Код на организацията, давaща контролен номер
Контролно поле BLK
005 - Дата и час на последна редакция
Контролно поле 20250724085958.0
008 - Елементи от данни с фиксирана дължина
fixed length control field 180408b bul|||||r ||||||| ||bul||
010 ## - Наследен системен номер
LC control number KNG00093147000
020 ## - Международен стандартен номер на книга ISBN
Международен стандартен номер на книга ISBN 978-954-769-278-7
-- издат.: Обсидиан
040 ## - Източник на каталожния запис
Идентификатор на билиотеката - собственик на записа BLK
041 ## - Код за език
Код за езика на текст/звукозапис или на отделно заглавие Български
Код за езика КДБФ Български
072 #7 - Код за тематичната категория
Код организация bullib
Код за тематична категория Н83
Текст Чужда художествена литература Н
080 ## - УДК
Текстов определител УДК Английска литература
УДК код - определител по УДК 821.111
УДК определител -312.4
УДК - код + определител 821.111-312.4
100 1# - Редна дума - Автор
Автор Чайлд, Лий
Авторска отговорност първи автор
Автор - информация (биография) Грант, Джим
R(LIN) 262814
139 ## - Редно поле
Редна дума Чайлд, Лий
Авторски знак Чаиков - Ч 16
245 10 - Сведения за заглавието
Заглавие Аферата
Подзаглавни данни Роман
Редно поле (дума) Лий Чайлд; прев. от англ. Веселин Иванов Лаптев.
257 ## - Страна на издаване
Страна на създаване/издаване Великобритания
260 ## - Област на издателските данни
-- София
Име на издателя, разпространителя и проч. Обсидиан
Година на издаване 2011
Печатница В. Търново : Абагар
300 ## - Физическа характеристика
Страници 416 с.
Размери/Мащаб 20 см
380 ## - Жанр
Жанр Худож. лит.
500 ## - Общи забележки
Забележка Ориг. загл. The Affair / Lee Child.
653 ## - Ключова дума – ненормативна
Ключова дума крими
653 ## - Ключова дума – ненормативна
Ключова дума романи
659 ## - Тематичен бюлетин
Тематичен бюлетин Н
700 1# - Други автори (авторска отговорност)
Лично име Лаптев, Веселин Иванов
Автороска отговорност (Описва отношението между автора и произведението) прев. от англ.
9 (RLIN) 364314
852 ## - Местоположение
Форматна сигнатура Цб 254711
856 4# - Електронен адрес и достъп
Електронен формат pdf - файл
Път до файла /url/
856 4# - Електронен адрес и достъп
Електронен формат pdf - файл
Път до файла /url/
942 ## - АРТИКУЛИ
Вид на библиотечния материал Книги
Скрит в OPAC Не
Koha issues (borrowed), all copies 91
944 ## - СЪЗДАВАНЕ И РЕДАКЦИЯ на ЗАПИСА
Създаване/Редакция Създаване
Дата на регистрацията/редакция 04.04.2012
Статус, дата на статуса Минев Младен
Служител, извършил регистрацията/редакцията 30530
944 ## - СЪЗДАВАНЕ И РЕДАКЦИЯ на ЗАПИСА
Създаване/Редакция Редакция
Дата на регистрацията/редакция 19.02.2016
Статус, дата на статуса ф /
Служител, извършил регистрацията/редакцията Виолета_Тройчева
999 ## - СИСТЕМНИ КОНТРОЛНИ НОМЕРА
Koha biblionumber 88479
Koha biblioitemnumber 88479
Наличности
Код за отписване Код за изгубен артикул Код за повреда Коз за рестрикции Код за отдаване Артикулен № Име на библиотеката - собственик Име на библиотеката, в която се намира в момента Статус (Текущо местоположение) Дата на вписване в системата Местоположение - отдел Цена в лева Инвентарен номер Систематично азбучна сигнатура Баркод Номер на екземпляра Цена в евро Служебна бележка Служебен тип на артикула Бележка за публиката Източник на класификационната схема
Изтеглен Не е изгубен Не е повреден без рестрикции заемане за дома 143483 Регионална библиотека "Любен Каравелов" Русе Регионална библиотека "Любен Каравелов" Русе   2012-04-04 Заемна - подръчен фонд 16.00 120000756756 П 820-31/Ч 16 120000756756 1 8.18 Дост: DA Вид: А N: 6 Дата: 04.04.2012 Книги Отч.N: 50/2017 , Дата: 10.10.2017  
Изтеглен Не е изгубен Не е повреден без рестрикции заемане за дома 143484 Регионална библиотека "Любен Каравелов" Русе Регионална библиотека "Любен Каравелов" Русе Заемна - подръчен фонд 2012-04-04 Заемна - подръчен фонд 16.00 120000756757 П 820-31/Ч 16 120000756757 2 8.18 Дост: DA Вид: А N: 6 Дата: 04.04.2012 Дата инв: 21.02.2018 Бележки инв: П2018 Книги   Universal Decimal Classification
Изтеглен Не е изгубен Не е повреден без рестрикции заемане за дома 143485 Регионална библиотека "Любен Каравелов" Русе Регионална библиотека "Любен Каравелов" Русе Заемна - подръчен фонд 2012-04-04 Заемна - подръчен фонд 16.00 120000756758 П 820-31/Ч 16 120000756758 3 8.18 Дост: DA Вид: А N: 6 Дата: 04.04.2012 Дата инв: 06.03.2018 Бележки инв: П2018 Книги   Universal Decimal Classification
Изтеглен Не е изгубен Не е повреден без рестрикции заемане за дома 143486 Регионална библиотека "Любен Каравелов" Русе Регионална библиотека "Любен Каравелов" Русе Заемна - подръчен фонд 2012-04-04 Заемна - подръчен фонд 16.00 120000756759 П 820-31/Ч 16 120000756759 4 8.18 Дост: DA Вид: А N: 6 Дата: 04.04.2012 Книги   Universal Decimal Classification
  Не е изгубен Не е повреден без рестрикции ползва се в читалня 143487 Регионална библиотека "Любен Каравелов" Русе Регионална библиотека "Любен Каравелов" Русе Хранилище 2014-10-15 Хранилище 16.00 120000781830 Цб 254711 120000781830 5 8.18 Дост: Dp Вид: Д N: 6 Дата: 04.02.2014 Книги    
  Не е изгубен Не е повреден без рестрикции заемане за дома 143488 Регионална библиотека "Любен Каравелов" Русе Регионална библиотека "Любен Каравелов" Русе Заемна - подръчен фонд 2016-02-18 Заемна - подръчен фонд 16.00 120000797997 П 821-31/Ч 16 120000797997 6 8.18 Дост: DA Вид: А N: 5 Дата: 18.02.2016 Книги   Universal Decimal Classification
Vip Innovations Ltd, Rousse, Bulgaria 2025